Estudio a nivel de perfil de proyecto, Hotel Oalix en el Municipio de Ciudad Sandino de Managua

Consiste en el estudio a nivel de perfil de proyecto, Hotel Oalix en el Municipio de Ciudad Sandino de Managua con el objetivo de determinar la viabilidad de un hotel categoría tres estrellas, se realizó un estudio de mercado del servicio de hotelería en el municipio de ciudad Sandino con el obje...

Full description

Bibliographic Details
Main Authors: Kain Hogdson, Anaite Vanesa, López Jarquín, Trinidad Faustino, González Galindo, Ignacio Hildebrando
Other Authors: Tutor: Acevedo Ampie, Guillermo José
Format: Tesis Section = Libro
Language:Undetermined
Spanish
Published: Managua UNI 2007
Subjects:
LEADER 01556nam a2200277Ia 4500
008 240830s9999 xx 000 0 und d
040 |a BIBLIOTECA-RUPAP T.Mon 690 K13 
041 |a spa 
082 |a T.Mon 690 K13 
100 1 |a Kain Hogdson, Anaite Vanesa 
100 1 |b  López Jarquín, Trinidad Faustino 
100 1 |c  González Galindo, Ignacio Hildebrando 
245 1 0 |a Estudio a nivel de perfil de proyecto, Hotel Oalix en el Municipio de Ciudad Sandino de Managua 
260 |a Managua  |b UNI  |c 2007 
300 |a 91 p. :il. 
500 |a Contiene: anexos. 
502 |a Tesis (Ingeniero Civil)- UNI, 2007. 
520 3 |a Consiste en el estudio a nivel de perfil de proyecto, Hotel Oalix en el Municipio de Ciudad Sandino de Managua con el objetivo de determinar la viabilidad de un hotel categoría tres estrellas, se realizó un estudio de mercado del servicio de hotelería en el municipio de ciudad Sandino con el objetivo de tener un mayor conocimiento de la demanda y oferta de los precios en estos tipos de proyectos, se efectuó un estudio técnico necesario y adecuado para la creación del hotel con el fin de determinar la localización optima y adecuado funcionamiento y un estudio financiero con el propósito de comprobar su rentabilidad a través de la VAN y TIR. 
650 7 |a COSNTRUCCION DE HOTEL OALIX – PROYECTO 
650 7 |b ESTUDIO TECNICO 
650 7 |c ESTUDIO DE MERCADO 
650 7 |d ESTUDIO FINANCIERO 
700 1 |a Tutor:  |b Acevedo Ampie, Guillermo José 
942 |c BK  |2 ddc 
991 |a TESIS 
999 |c 18801